00399nam a2200157 a 45000010005000000030009000050080041000140400028000550820016000831000020000992450012001192600035001313000014001664900031001806500030002116302CO-ViMGA141112s2004 ck r 000 u spa d aCO-ViMGAbspacCO-ViMGA04a927.5 G183h1 aHoward, Michael10aGauguin aBuenos Aires : bEmece, c1992 a64 p : il aTestimonio visual del arte14aGAUGUIN, PAUL 1848 - 1903